Les "Maigret" de G. Simenon adaptés en série - Statistiques

Statistiques générales
  • Ce quiz a été pris 7 fois
  • Le résultat moyen est 26 sur 97
Statistiques - réponses
Livre paru en Episode Acteur Titre * % Correct
1968 1984 2003 JR BC L'ami d'{enfance} de Maigret
100%
1931 1968 1988 JR JR Le {chien} jaune
100%
1933 1970 1994 1968 1961 JR BC GC RD L'écluse n°{1} * XX
100%
1938 2005 BC L'Etoile du {Nord}
100%
1948 1970 2016 1961 JR RA RD Maigret et son {mort} XX
100%
1942 1967 1994 1964 1963 JR BC GC RD Cécile est {morte} XX
75%
1949 1963 RD La première {enquête} de Maigret, 1913 X
75%
1939 1988 2005 1966 JR BC GC La vieille {dame} de Bayeux ** X
75%
1955 1974 1992 1961 JR BC RD Maigret et le {corps} sans tête X
75%
1953 1981 1994 1960 JR BC RD Maigret se {trompe} X
75%
1949 1973 2001 1960 JR BC RD Mon {ami} Maigret X
75%
1932 1980 1995 1962 JR BC RD L'Affaire {Saint-Fiacre} X
50%
1942 1969 1992 1963 JR BC RD La {maison} du juge * X
50%
1931 1969 1984 1992 2017 1962 JR JR BC RA RD La nuit du {carrefour} * XX
50%
1947 1988 JR La {pipe} de Maigret
50%
1931 1980 2001 1963 JR BC RD Le charretier de la {Providence} * X
50%
1932 1972 1996 1961 JR BC RD Le port des {brumes} X
50%
1942 1987 1992 1963 JR BC RD Les {caves} du Majestic * X
50%
1932 1979 1997 1960 JR BC RD Liberty {Bar} * X
50%
1932 1969 2004 1966 1961 JR BC GC RD L'ombre {chinoise} * XX
50%
1945 1999 BC Madame {Quatre} et ses enfant
50%
1951 1974 1991 1960 JR BC RD Maigret et la grande {perche} X
50%
1950 1979 1995 1960 JR BC RD Maigret et la {vieille} dame * X
50%
1970 1978 2002 JR BC Maigret et le marchand de {vin}
50%
1955 1996 2016 1962 BC RA RD Maigret tend un {piège} XX
50%
1934 1970 1972 JR GC M {Maigret} X
50%
1931 1987 1960 JR RD Monsieur Gallet, {décédé} X
50%
1947 2000 1966 BC GC On ne tue pas les {pauvres} types X
50%
1931 1972 1963 JR RD Pietr le {Letton} X
50%
1944 1968 2003 1965 1962 JR BC GC RD Signé {Picpus} XX
50%
1939 1995 BC Vente à la {bougie}
50%
1931 1977 1963 JR RD Au {rendez-vous} des Terres-Neuvas X
25%
1932 1976 1992 1963 JR BC RD Chez les {Flamands} * X
25%
1944 1968 2002 1962 JR BC RD Félicie est {là} * X
25%
1950 1977 1962 JR RD L'{amie} de madame Maigret X
25%
1931 1967 1983 1996 1965 1962 JR JR BC GC RD La {tête} d'un homme XX
25%
1932 1979 2002 1972 1962 JR BC GC RD Le fou de {Bergerac} ** XX
25%
1931 1981 1960 JR RD Le {pendu} de Saint-¨Pholien X
25%
1948 1971 1995 JR BC Les {vacances} de Maigret * X
25%
1947 1988 1997 1968 JR BC GC Le {témoignage} de l'enfant de choeur ** X
25%
1967 1982 JR Le {voleur} de Maigret
25%
1938 1997 BC L'{improbable} Monsieur Owen
25%
1944 1968 1998 JR BC L'inspecteur {Cadavre}
25%
1954 1971 2002 1961 JR BC RD Maigret à l'{école} X
25%
1954 1987 2002 1962 JR BC RD Maigret chez le {ministre} X
25%
1951 1972 2004 1960 JR BC RD Maigret en {meublé} X
25%
1954 1973 1959 1963 JR BS RD Maigret et la {jeune} morte XX
25%
1962 1982 JR MaIgret et les {braves} gens
25%
1950 2004 BC Maigret et les petits {cochons} sans queue
25%
1959 1978 1993 1962 JR BC RD Maigret et les {témoins} récalcitrants * X
25%
1953 1973 1993 1962 JR BC RD Maigret et l'homme du {banc} X
25%
1971 1982 JR Maigret et l'homme {tout} seul
25%
1947 1988 1968 1961 JR GC RD Maigret et l'inspecteur {malgracieux} XX
25%
1947 1972 1962 JR RD Maigret se {fâche} X
25%
1956 1987 2003 1961 JR BC RD Un {échec} de Maigret X
25%
1936 1989 1999 JR BC Jeumont, 51 {minutes] d'arrêt ! *
0%
1963 1983 JR La {colère} de Maigret
0%
1931 1981 JR La {danseuse} du Gai-Moulin
0%
1936 2001 BC La fenêtre ouverte
0%
1970 1975 JR La {folie} de Maigret
0%
1931 1975 1962 JR RD La {guinguette} à deux sous X
0%
1939 1989 1966 JR GC L'{amoureux} de madame Maigret X
0%
1965 1984 1994 1968 JR BC GC La {patience} de Maigret X
0%
1938 1989 JR L'auberge aux {noyés}
0%
1947 1988 JR Le client le plus obstiné du monde *
0%
1945 1999 BC Le {deuil} de Fonsine *
0%
1938 1988 JR Le {notaire} de Châteauneuf
0%
1952 1985 1960 JR RD Le {revolver} de Maigret X
0%
1958 1976 2004 1960 JR BC RD Les {scrupules} de Maigret X
0%
1940 1988 JR L'homme de la {rue} *
0%
1947 1990 JR Maigret à {New York}
0%
1953 1976 1996 1963 JR BC RD Maigret a {peur} X
0%
1951 1985 1992 2017 1960 JR BC RA RD Maigret au {Picratt's} * XX
0%
1960 1971 1961 JR RD Maigret aux {assises} X
0%
1968 1984 JR Maigret à {Vichy}
0%
1949 1981 JR Maigret chez le {coroner} *
0%
1966 1978 JR Maigret et l'affaire {Nahour}
0%
1962 1985 JR Maigret et le {client} du samedi *
0%
1963 1982 2004 JR BC Maigret et le {clochard}
0%
1964 1971 1994 JR BC Maigret et le {Fantôme}
0%
1960 1980 2003 1962 JR BC RD Maigret et les {vieillards} ** X
0%
1969 1978 JR Maigret et le {tueur}
0%
1961 1988 1972 1962 JR GC RD Maigret et le voleur {paresseux} XX
0%
1971 1979 JR Maigret et l'{Indicateur}
0%
1972 1977 JR Maigret et Monsieur {Charles}
0%
1968 1975 2000 JR BC Maigret {hésite}
0%
1952 1977 1960 JR RD Maigret, Lognon et les {gangsters} X
0%
1957 1983 1963 JR RD Maigret {s'amuse} X
0%
1964 1984 1993 1968 JR BC GC Maigret se {défend} X
0%
1957 1987 1963 JR RD Maigret {voyage} X
0%
1936 2004 BC Monsieur {Lundi} *
0%
1951 2005 1962 BC RD Sept petites croix dans un {carnet} X
0%
1938 1990 JR Stan le {tueur}
0%
1938 1989 JR Tempête sur la {Manche}
0%
1931 1976 1996 JR BC Un crime en {Hollande} *
0%
1959 1981 1963 JR RD Une {confidence} de Maigret X
0%
1950 1983 1965 1961 JR GC RD Un {Noël} de Maigret XX
0%
Aucun quiz correspondant
Distribution des résultats
% des personnes avec chaque résultat
Percentile par nombre de réponses
Votre historique - résultats
Vous n’avez pas pris ce quiz